000 00312nam a2200133Ia 4500
005 20260328104305.0
008 260328s9999||||xx |||||||||||||| ||und||
100 _aRuiz, Miguel
245 4 _aThe Four Agreements /
_cMiguel Ruiz
260 _bAmber-Allen
300 _a138 p.
650 _aCUATRO
942 _cBK
999 _c10745
_d10745